000 00364 a2200157 4500
001 151672
040 _cEscola São Tomás de Aquino
100 _aANDRADE, Carlos Drummond de
240 1 0 _aDeixa que eu te conto
_lpor
245 1 0 _aDeixa que eu te conto
300 _a79
362 0 _a2003
440 1 _aÁtica
697 _a*LITERATURA JUVENIL
942 _cBK
999 _c151672
_d151672